| 000 | 00576nam a2200193 i 4500 | ||
|---|---|---|---|
| 001 | 56725 | ||
| 003 | ES-MaACL | ||
| 005 | 20250804072408.0 | ||
| 007 | t| | ||
| 008 | 031013s1980 sp ||||1| spa d | ||
| 100 | 1 |
_aDiego, Gerardo, _d1896-1987 _944545 |
|
| 245 | 1 | 0 |
_aPoemas mayores / _cGerardo Diego. |
| 260 |
_aMadrid : _bAlianza, _c[1980] |
||
| 300 |
_a176 p. ; _c18 cm. |
||
| 490 | 1 |
_aEl libro de bolsillo. Literatura ; _v744 |
|
| 830 | 0 | 3 |
_aEl libro de bolsillo. _pLiteratura _v744 _9180913 |
| 852 |
_aES-MaACL _jL-7544 _bR.107463 |
||
| 999 |
_c56725 _d56725 |
||